000 03731njm0a2200385 4500
001 RU\NLR\ONIZ\297729
005 20250708193720.0
035 _a(NLR Aleph) 016323535
071 0 0 _aС10 24357-8 007
090 _a13285045
_c13285045
100 _a20230315d1986 |||y0rusy50 ca
102 _aRU
126 _aabbxexu ux
_bxxx
127 _a003600
200 1 _a[Произведения для оркестра]
_bЗвукозапись
_fЛ. Сумеро
203 _aМузыка
_bисполнительская
_cаудио
210 _aМосква
_cМелодия
_d1986
_gЗавод грампластинок
_eРига
215 _a1 грп. [ГОСТ 5289-80] (37 мин) : 33 об/мин, стерео
_d30 см, в конв
300 _aЗапись 1985 г
300 _aОписано по конв
327 1 _a1. Олимпийская музыка I / исполняет: Государственный симфонический оркестр Эстонской ССР, дирижёр Пеэтер Лилье ;
_a2. Музыка для камерного оркестра / исполняют: Яан Ыун, флейта, Ансамбль солистов Государственного симфонического оркестра Эстонской ССР, дирижёр Пеэтер Лилье ;
_a3. Симфония № 2 / исполняет: Государственный симфонический оркестр Эстонской ССР, дирижёр Пеэтер Лилье
464 0 _12001#$aОлимпийская музыка I$gисполняет: Государственный симфонический оркестр Эстонской ССР, дирижёр Пеэтер Лилье
_16890#$aЩ951.1-058.9(4Эст)
_1702#1$9z01790$aЛилье$bП.$gПеэтер$cдирижёр$f1950-1993$4250$7ca
_171202$aГосударственный симфонический оркестр Эстонской ССР$4570$7ca
_1790#1$9z01702$aLilje$bP.$gPeeter$f1950-1993$4250$7ba
_tОлимпийская музыка I
464 0 _12001#$aМузыка для камерного оркестра$gисполняют: Яан Ыун, флейта, Ансамбль солистов Государственного симфонического оркестра Эстонской ССР, дирижёр Пеэтер Лилье
_16061#$aМузыка для камерного оркестра$yЭстония$z20 век$jЗвукозапись$2nlr_sh
_16890#$aЩ951.3-059(4Эст)
_1702#1$aЫун$bЯ. А.$gЯан Артурович$cфлейта$f1945-1996$4590$4wfl$7ca
_tМузыка для камерного оркестра
464 0 _12001#$aСимфония № 2$fисполняет: Государственный симфонический оркестр Эстонской ССР, дирижёр Пеэтер Лилье
_16061#$aСимфонии для симфонического оркестра эстонские$z20 век$jЗвукозапись$2nlr_sh
_16890#$aЩ951.1-040(4Эст)
_1702#1$9z01790$aЛилье$bП.$gПеэтер$cдирижёр$f1950-1993$4250$7ca
_171202$aГосударственный симфонический оркестр Эстонской ССР$4570$7ca
_1790#1$9z01702$aLilje$bP.$gPeeter$f1950-1993$4250$7ba
_tСимфония № 2
686 0 _aЩ951я44(4Эст)
700 1 _9z01790
_aСумера
_bЛ. З.
_f1950-
_gЛепо Зигфридович
_4230
_7ca
790 1 _9z01700
_aSumera
_bL.
_f1950-
_gLepo
_4230
_7ba
801 0 _aRU
_bNLR
_c20230315
_gPSBO
801 1 _aRU
_bNLR
_c20230315
_2rusmarc
801 2 _aRU
_bNLR
_c20230319
852 _aNLR
_bМг
_j3/8610
_p40451
_t1
942 _cREC
980 _aNB
980 _aONIZ